[Event "Politiken Cup 2011"]
[Site "Helsingor"]
[Date "2011.08.02"]
[Round "5.5"]
[White "Gustafsson, Jan"]
[Black "Schandorff, Lars"]
[Result "1/2-1/2"]
[WhiteElo "2634"]
[BlackElo "2497"]
[PlyCount "332"]
[EventDate "2011.??.??"]
[BlackTeam "Sydøstfyn"]

1. d4 Nf6 2. c4 g6 3. Nc3 d5 4. Nf3 Bg7 5. Qb3 dxc4 6. Qxc4 O-O 7. e4 a6 8. Be2
b5 9. Qb3 c5 10. dxc5 Be6 11. Qc2 Nbd7 12. Be3 Rc8 13. Rd1 b4 14. Nd5 Bxd5 15.
exd5 Nxc5 16. O-O Nce4 17. Qb1 Qd6 18. Rd4 Nc5 19. Rfd1 a5 20. Nd2 Qd8 21. Rc4
Nb7 22. Bf3 Nd6 23. Rxc8 Qxc8 24. Nb3 Nf5 25. Nxa5 Nxe3 26. fxe3 Qc5 27. Nc6
Qxe3+ 28. Kh1 Qc5 29. Qc1 Qd6 30. Qc4 Nd7 31. Qxb4 Qxb4 32. Nxb4 Bxb2 33. a4
Nc5 34. a5 Kg7 35. d6 exd6 36. a6 Nxa6 37. Nxa6 Be5 38. Nb4 Rb8 39. Nc6 Rc8 40.
Rb1 Rc7 41. Bd5 f5 42. Kg1 Kf6 43. Rb8 Kg5 44. h3 h5 45. Kf2 h4 46. Kf3 Rd7 47.
Re8 Bg3 48. Re6 Rg7 49. Ne7 Be5 50. Bc6 Bf6 51. Nd5 Be5 52. Be8 Rg8 53. Ke3 Kh6
54. Nb6 Kg5 55. Kd3 Kf4 56. Nc4 g5 57. Ne3 g4 58. Bg6 Ra8 59. Nd5+ Kg5 60. Bf7
Ra3+ 61. Kc4 Ra7 62. Rg6+ Kh5 63. Be8 Ra8 64. Rg8+ Kh6 65. Ne7 gxh3 66. gxh3 f4
67. Rg6+ Kh7 68. Bc6 Ra7 69. Re6 Ra3 70. Be4+ Kg7 71. Bg6 Bf6 72. Bh5 Bxe7 73.
Rxe7+ Kf6 74. Rf7+ Ke5 75. Bg4 d5+ 76. Kb4 Rg3 77. Rh7 f3 78. Rxh4 f2 79. Rh5+
Ke4 80. Rf5 Ke3 81. Re5+ Kd4 82. Rf5 Ke3 83. Kc5 Rg1 84. Rf3+ Ke2 85. Rf8+ Ke3
86. Rf3+ Ke2 87. Rf7+ Ke3 88. Re7+ Kf4 89. Be2 Re1 90. Rf7+ Kg3 91. Bb5 Rh1 92.
Kd4 Rxh3 93. Ke3 d4+ 94. Ke2 Rh2 95. Bc6 Rh6 96. Rf3+ Kg4 97. Bd7+ Kg5 98. Rxf2
Rd6 99. Bh3 Ra6 100. Rf5+ Kg6 101. Rd5 Ra2+ 102. Kf3 Ra3+ 103. Kg4 Rd3 104.
Rd6+ Kf7 105. Bf1 Ke7 106. Rb6 Re3 107. Kf4 Re6 108. Rb7+ Kd6 109. Bc4 Re3 110.
Rb5 Kc6 111. Rh5 Re1 112. Bd3 Re7 113. Be4+ Kd6 114. Rd5+ Ke6 115. Rxd4 Rf7+
116. Ke3 Ra7 117. Rb4 Ke5 118. Rb5+ Ke6 119. Bd5+ Ke5 120. Bc4+ Kf6 121. Bb3
Ra1 122. Bd5 Ke5 123. Be4+ Ke6 124. Kf4 Rf1+ 125. Bf3 Kd6 126. Rd5+ Ke6 127.
Rd2 Ra1 128. Bg4+ Ke7 129. Rd7+ Kf6 130. Rd6+ Ke7 131. Re6+ Kf7 132. Rb6 Ke7
133. Bf5 Ra5 134. Kg5 Re5 135. Ra6 Re1 136. Kf4 Rc1 137. Re6+ Kf7 138. Ra6 Ke7
139. Be4 Rc5 140. Ke3 Rb5 141. Kd4 Rh5 142. Bd5 Rg5 143. Re6+ Kd7 144. Kc5 Rg1
145. Rf6 Rc1+ 146. Bc4 Ke8 147. Rf4 Ke7 148. Rf7+ Ke8 149. Ra7 Kf8 150. Rb7 Ke8
151. Kd5 Kd8 152. Rh7 Kc8 153. Kc5 Rc2 154. Kb4 Rc1 155. Bb5 Rc7 156. Rh8+ Kb7
157. Ka5 Rg7 158. Rh6 Kb8 159. Kb6 Rb7+ 160. Kc6 Ka7 161. Rh1 Kb8 162. Ba6 Rc7+
163. Kd6 Rg7 164. Rb1+ Ka7 165. Rb7+ Rxb7 166. Bxb7 Kxb7 1/2-1/2

[Event "Politiken Cup 2011"]
[Site "Helsingor"]
[Date "2011.08.02"]
[Round "5.3"]
[White "Radulski, Julian"]
[Black "Kurnosov, Igor"]
[Result "1/2-1/2"]
[WhiteElo "2556"]
[BlackElo "2633"]
[PlyCount "49"]
[EventDate "2011.??.??"]

1. e4 c5 2. Nc3 e6 3. Nf3 d6 4. g3 Nf6 5. Bg2 Be7 6. O-O Nc6 7. d4 cxd4 8. Nxd4
O-O 9. Be3 Nxd4 10. Qxd4 Ng4 11. Bd2 Bf6 12. Qb4 a5 13. Qb3 Bd7 14. a4 Qc7 15.
Nb5 Bxb5 16. axb5 a4 17. Rxa4 Rxa4 18. Qxa4 Bxb2 19. c3 Bxc3 20. b6 Qc5 21.
Bxc3 Qxc3 22. Qd7 Qc6 23. Qxc6 bxc6 24. Rc1 Ne5 25. f4 1/2-1/2

[Event "Politiken Cup 2011"]
[Site "Helsingor"]
[Date "2011.08.02"]
[Round "5.6"]
[White "Zatonskih, Anna"]
[Black "Savchenko, Boris"]
[Result "0-1"]
[WhiteElo "2522"]
[BlackElo "2615"]
[PlyCount "62"]
[EventDate "2011.??.??"]

1. d4 e6 2. e4 d5 3. exd5 exd5 4. Nf3 Bd6 5. c4 Nf6 6. c5 Be7 7. Bd3 b6 8. cxb6
axb6 9. O-O O-O 10. Bg5 c5 11. b3 h6 12. Bh4 g5 13. Bg3 Ne4 14. Bxb8 Rxb8 15.
Qc2 f5 16. Nc3 Bb7 17. dxc5 Bf6 18. c6 Bxc6 19. Bxe4 fxe4 20. Rad1 Bxc3 21.
Qxc3 Bb5 22. Rfe1 exf3 23. Re6 Qd7 24. Qe5 Rbe8 25. Rg6+ Kh7 26. Qd6 Qxd6 27.
Rxd6 Be2 28. R1xd5 Rc8 29. Rd7+ Kg8 30. h4 Rc1+ 31. Kh2 fxg2 0-1

[Event "Politiken Cup 2011"]
[Site "Helsingor"]
[Date "2011.08.02"]
[Round "5.7"]
[White "Hammer, Jon Ludvig"]
[Black "Hendriks, Willy"]
[Result "1-0"]
[WhiteElo "2610"]
[BlackElo "2415"]
[PlyCount "45"]
[EventDate "2011.??.??"]
[BlackTeam "De Toren Arnhem"]

1. d4 c5 2. d5 d6 3. e4 g6 4. Nf3 Bg4 5. Nbd2 Nf6 6. h3 Bxf3 7. Qxf3 Bg7 8. Qb3
Qc8 9. Be2 O-O 10. O-O Na6 11. a4 Nc7 12. c3 e6 13. dxe6 fxe6 14. f4 d5 15. e5
Nd7 16. c4 g5 17. cxd5 Nxd5 18. Bg4 Qc6 19. Nf3 Rxf4 20. Bxf4 Nxf4 21. g3 Ne2+
22. Kf2 c4 23. Qb5 1-0

[Event "Politiken Cup 2011"]
[Site "Helsingor"]
[Date "2011.08.02"]
[Round "5.8"]
[White "Bulski, Krzysztof"]
[Black "Hess, Robert L"]
[Result "0-1"]
[WhiteElo "2479"]
[BlackElo "2609"]
[PlyCount "50"]
[EventDate "2011.??.??"]
[WhiteTeam "HetMaN Szopienice"]

1. d4 Nf6 2. c4 e6 3. Nf3 Bb4+ 4. Nbd2 O-O 5. a3 Be7 6. e4 d5 7. Qc2 dxe4 8.
Nxe4 Nbd7 9. Nxf6+ Nxf6 10. Bd3 b6 11. Bg5 h6 12. Bxf6 Bxf6 13. Bh7+ Kh8 14.
Be4 Rb8 15. O-O-O Qd6 16. h4 c5 17. Qd3 Ba6 18. g4 Qf4+ 19. Qe3 Qxg4 20. d5
exd5 21. Bxd5 Rbe8 22. Qd3 Qf4+ 23. Kb1 Bc8 24. Qd2 Bf5+ 25. Kc1 Re2 0-1

[Event "Politiken Cup 2011"]
[Site "Helsingor"]
[Date "2011.08.02"]
[Round "5.9"]
[White "Krasenkow, Michal"]
[Black "Sowray, Peter J"]
[Result "1-0"]
[WhiteElo "2607"]
[BlackElo "2350"]
[PlyCount "73"]
[EventDate "2011.??.??"]

1. Nf3 e6 2. c4 b6 3. e4 Bb7 4. Nc3 Bb4 5. Bd3 Nf6 6. e5 Ng4 7. Be4 Bxe4 8.
Nxe4 f5 9. Ng3 Nc6 10. a3 Be7 11. d4 O-O 12. h3 Nh6 13. Bxh6 gxh6 14. d5 Na5
15. Qc2 Qe8 16. b4 Nb7 17. O-O a5 18. Qd2 axb4 19. axb4 Qg6 20. Ne2 Rfd8 21.
dxe6 Rxa1 22. Rxa1 dxe6 23. Qb2 Qe8 24. Nfd4 Qd7 25. Ra3 c5 26. Rg3+ Kf8 27.
Nxf5 Qd1+ 28. Kh2 Rd2 29. Nxh6 Bh4 30. Rg8+ Ke7 31. Rg7+ Ke8 32. Qa3 Rxe2 33.
Qa8+ Nd8 34. Rg8+ Kd7 35. Qa7+ Kc8 36. Rg7 Bg3+ 37. Kxg3 1-0

[Event "Politiken Cup 2011"]
[Site "Helsingor"]
[Date "2011.08.02"]
[Round "5.10"]
[White "Tikkanen, Hans"]
[Black "Larsen, Karsten"]
[Result "1-0"]
[WhiteElo "2596"]
[BlackElo "2323"]
[PlyCount "157"]
[EventDate "2011.??.??"]
[BlackTeam "K41"]

1. c4 Nf6 2. g3 g6 3. Bg2 Bg7 4. Nc3 e5 5. e4 O-O 6. Nge2 d6 7. O-O Nc6 8. d3
a5 9. Nd5 Nxd5 10. cxd5 Nd4 11. Nxd4 exd4 12. Bd2 c5 13. a4 Bd7 14. Qc2 Qc7 15.
Ra3 Rfb8 16. Rfa1 Qd8 17. Bf3 b6 18. Kg2 Ra7 19. h4 h5 20. Qc1 Bf6 21. Be2 Kg7
22. Bh6+ Kh7 23. Bg5 Qe7 24. f4 Kg7 25. Qd2 Rh8 26. Rf1 Raa8 27. Raa1 Raf8 28.
b3 Bxg5 29. hxg5 f6 30. Rh1 fxg5 31. fxg5 Rf7 32. Rh4 Rhf8 33. Rf4 Kg8 34. Raf1
Kg7 35. R1f2 Kg8 36. Qc1 Kg7 37. Qf1 Be8 38. Rxf7+ Rxf7 39. Rxf7+ Bxf7 40. Qf4
Qe5 41. Kh3 Be8 42. Kh4 Bd7 43. Qf2 Qe7 44. g4 hxg4 45. Bxg4 Bxg4 46. Kxg4 Qd7+
47. Kg3 Qe7 48. Qf4 Qe5 49. Kg4 Qe7 50. Qh2 Kg8 51. Qh6 Qf7 52. Kg3 Qe8 53. Qh3
Qe5+ 54. Kg4 Qe7 55. Qf3 Kg7 56. Qf2 Qd7+ 57. Kg3 Qe7 58. Qf4 Qe5 59. Kf3 Qe7
60. Qg4 Qe8 61. Kg3 Qe5+ 62. Kh3 Qe8 63. Qf4 Qe7 64. Qh4 Kg8 65. Kg2 Qe5 66.
Qh6 Qe8 67. Qh3 Kg7 68. Qh2 Qe5 69. Qh6+ Kf7 70. Qh7+ Qg7 71. Qxg7+ Kxg7 72.
Kf3 Kf7 73. e5 Ke7 74. exd6+ Kd7 75. Kf4 Kd8 76. d7 Kxd7 77. Ke5 b5 78. axb5 c4
79. bxc4 1-0

[Event "Politiken Cup 2011"]
[Site "Helsingor"]
[Date "2011.08.02"]
[Round "5.11"]
[White "Arnold, Marc T"]
[Black "Hansen, Sune Berg"]
[Result "1/2-1/2"]
[WhiteElo "2445"]
[BlackElo "2574"]
[PlyCount "83"]
[EventDate "2011.??.??"]
[WhiteTeam "Marshall Chess Club"]
[BlackTeam "Helsingør"]

1. d4 d5 2. c4 c6 3. Nf3 Nf6 4. Nc3 a6 5. e3 e6 6. b3 Bb4 7. Bd2 Bd6 8. Qc2 c5
9. dxc5 Bxc5 10. cxd5 exd5 11. Na4 Ba7 12. Bd3 O-O 13. O-O Nc6 14. Bxa6 d4 15.
Bc4 dxe3 16. Bxe3 Bxe3 17. fxe3 Qe7 18. Rae1 Ra5 19. Nc3 Bg4 20. Nd4 Ne5 21.
Bb5 Rc8 22. a4 Raa8 23. Qd2 Rd8 24. Qb2 Rac8 25. Nce2 Nd3 26. Bxd3 Qxe3+ 27.
Kh1 Qxd3 28. h3 Bxe2 29. Nxe2 Rc2 30. Qe5 h6 31. Qg3 Ne4 32. Qxd3 Rxd3 33. Kh2
Rdd2 34. Nf4 Ng5 35. Rc1 Rb2 36. Rc8+ Kh7 37. Rc3 h5 38. Rg1 Rf2 39. Nd3 Rfc2
40. Rxc2 Rxc2 41. Rf1 Ra2 42. Nf4 1/2-1/2

[Event "Politiken Cup 2011"]
[Site "Helsingor"]
[Date "2011.08.02"]
[Round "5.12"]
[White "Ruck, Robert"]
[Black "Skou, Niels"]
[Result "1-0"]
[WhiteElo "2569"]
[BlackElo "2093"]
[PlyCount "31"]
[EventDate "2011.??.??"]
[BlackTeam "Evans"]

1. Nf3 Nf6 2. c4 g6 3. Nc3 d5 4. Qa4+ Nc6 5. cxd5 Nxd5 6. Ne5 Bd7 7. Nxf7 Ncb4
8. Qb3 Kxf7 9. Nxd5 Nxd5 10. Qxd5+ Be6 11. Qf3+ Ke8 12. Qxb7 Bg7 13. e3 Rf8 14.
Qc6+ Bd7 15. Qc2 Rb8 16. Bc4 1-0

[Event "Politiken Cup 2011"]
[Site "Helsingor"]
[Date "2011.08.02"]
[Round "5.13"]
[White "Blomqvist, Erik"]
[Black "Rapport, Richard"]
[Result "1-0"]
[WhiteElo "2438"]
[BlackElo "2545"]
[PlyCount "65"]
[EventDate "2011.??.??"]
[WhiteTeam "SK Rockaden"]

1. Nf3 Nf6 2. c4 g6 3. g3 Bg7 4. Bg2 O-O 5. O-O Nc6 6. d4 d6 7. Nc3 Rb8 8. b3
a6 9. Nd5 Nh5 10. Bb2 e6 11. Nc3 b5 12. Rb1 Ne7 13. Qd3 Qd7 14. d5 exd5 15.
cxd5 b4 16. Nd1 Nf6 17. e4 Qb5 18. Qc2 Bd7 19. Qxc7 Ne8 20. Qc2 Rc8 21. Qd2 Nf6
22. Nd4 Qa5 23. Ne3 Ng4 24. Nc4 Qc5 25. Rbc1 Bh6 26. f4 Bb5 27. Rfe1 Bxc4 28.
Rxc4 Qa5 29. Rxb4 Ne5 30. a3 Rc7 31. Qe2 Nd7 32. Ra4 Qc5 33. b4 1-0

[Event "Politiken Cup 2011"]
[Site "Helsingor"]
[Date "2011.08.02"]
[Round "5.14"]
[White "Andersen, Mads"]
[Black "Petrov, Marijan"]
[Result "1/2-1/2"]
[WhiteElo "2422"]
[BlackElo "2534"]
[PlyCount "89"]
[EventDate "2011.??.??"]
[WhiteTeam "Skanderborg"]

1. d4 c5 2. d5 g6 3. c4 Bg7 4. g3 d6 5. Nf3 e5 6. e4 Ne7 7. Bg2 O-O 8. O-O h6
9. Ne1 f5 10. Nd3 fxe4 11. Bxe4 Nd7 12. Nc3 Nf6 13. Bg2 g5 14. Ne4 Bf5 15. f3
b5 16. b3 Qb6 17. Be3 bxc4 18. bxc4 Qa6 19. Qc2 Nxe4 20. fxe4 Bd7 21. Rxf8+
Rxf8 22. Rb1 Nc8 23. Qb3 Nb6 24. Nb2 Bg4 25. Bd2 Rb8 26. a4 Nd7 27. Qc2 Qb7 28.
Bf1 Bf3 29. Bd3 Nf6 30. a5 Qb3 31. Na4 Qxb1+ 32. Qxb1 Rxb1+ 33. Bxb1 Bxe4 34.
Bxe4 Nxe4 35. Be1 a6 36. Nb6 Bf6 37. Nd7 Bd8 38. Nb8 Nf6 39. Nxa6 Nd7 40. g4
Kf7 41. Kf2 Kg6 42. Kf3 h5 43. h3 hxg4+ 44. hxg4 Kf6 45. Ke4 1/2-1/2

[Event "Politiken Cup 2011"]
[Site "Helsingor"]
[Date "2011.08.02"]
[Round "5.18"]
[White "Cmilyte, Viktorija"]
[Black "Thingstad, Even"]
[Result "1-0"]
[WhiteElo "2528"]
[BlackElo "2223"]
[PlyCount "55"]
[EventDate "2011.??.??"]
[WhiteTeam "Skanderborg"]
[BlackTeam "Hønefoss"]

1. Nf3 Nf6 2. c4 c5 3. Nc3 d5 4. cxd5 Nxd5 5. d4 cxd4 6. Qxd4 Nxc3 7. Qxc3 Nc6
8. e4 e6 9. a3 Bd7 10. Be2 Rc8 11. O-O Na5 12. Qd3 Bc6 13. Qe3 Ba4 14. b4 Nc6
15. Bb2 a6 16. Rac1 f6 17. e5 f5 18. Ng5 Qd7 19. g4 h6 20. Qh3 hxg5 21. Qxh8
Qf7 22. f4 gxf4 23. Rxf4 Bb3 24. Qh3 Bd5 25. gxf5 exf5 26. Rxf5 Qe6 27. Bg4 Qe7
28. Rcf1 1-0

[Event "Politiken Cup 2011"]
[Site "Helsingor"]
[Date "2011.08.02"]
[Round "5.19"]
[White "Johannessen, Leif Erlend"]
[Black "Akdag, Dara"]
[Result "1-0"]
[WhiteElo "2496"]
[BlackElo "2201"]
[PlyCount "69"]
[EventDate "2011.??.??"]
[WhiteTeam "OSS"]
[BlackTeam "BMS"]

1. Nf3 Nf6 2. c4 c6 3. d4 d5 4. Qc2 e6 5. g3 Nbd7 6. Bg2 Be7 7. O-O Ne4 8. Nfd2
Nd6 9. e4 dxe4 10. Nxe4 Nxe4 11. Qxe4 Nf6 12. Qe3 O-O 13. Nc3 Re8 14. Rd1 Qc7
15. Qe2 Bd6 16. c5 Be7 17. Bf4 Qd7 18. Ne4 b6 19. Rac1 b5 20. Nxf6+ Bxf6 21.
Be5 Be7 22. Be4 Bb7 23. h4 Rad8 24. Bc2 Bf8 25. h5 Qe7 26. Qe4 g6 27. hxg6 hxg6
28. Kg2 Bg7 29. Rh1 Qg5 30. f4 Qe7 31. Rh4 Bxe5 32. Qxe5 f6 33. Rch1 Qg7 34.
Rh8+ Kf7 35. Qc7+ 1-0

[Event "Politiken Cup 2011"]
[Site "Helsingor"]
[Date "2011.08.02"]
[Round "5.20"]
[White "Hartvig, Ove Weiss"]
[Black "Brynell, Stellan"]
[Result "0-1"]
[WhiteElo "2220"]
[BlackElo "2495"]
[PlyCount "92"]
[EventDate "2011.??.??"]
[WhiteTeam "Esbjerg"]
[BlackTeam "Nordkalotten"]

1. e4 e6 2. d4 d5 3. Nc3 Nf6 4. e5 Nfd7 5. Nce2 c5 6. f4 Nc6 7. c3 Qb6 8. a3
Be7 9. Nf3 f6 10. h4 O-O 11. Rh3 a5 12. b3 Qc7 13. Neg1 b6 14. Ra2 Ba6 15. Bxa6
Rxa6 16. Re2 Raa8 17. h5 Rac8 18. Bb2 b5 19. g4 c4 20. bxc4 bxc4 21. Bc1 fxe5
22. fxe5 Rb8 23. Qc2 Qb6 24. Ng5 Bxg5 25. Bxg5 Ndxe5 26. Bc1 Nd3+ 27. Rxd3 cxd3
28. Qxd3 e5 29. Rb2 Qc7 30. Rxb8 Qxb8 31. Ne2 e4 32. Qa6 Qc8 33. Qb5 Ne7 34.
Bg5 Qc6 35. Qxa5 Nc8 36. Bf4 Nb6 37. g5 Nc4 38. Qb4 Qd7 39. h6 gxh6 40. gxh6
Ra8 41. Ng3 Nxa3 42. Qb2 Nc4 43. Qe2 Qh3 44. Nh5 Ra1+ 45. Kf2 e3+ 46. Bxe3 Qh2+
0-1

[Event "Politiken Cup 2011"]
[Site "Helsingor"]
[Date "2011.08.02"]
[Round "5.21"]
[White "Molvig, Henrik"]
[Black "Antonsen, Mikkel"]
[Result "0-1"]
[WhiteElo "2195"]
[BlackElo "2471"]
[PlyCount "42"]
[EventDate "2011.??.??"]
[WhiteTeam "Roskilde"]
[BlackTeam "Næstvedj"]

1. d4 Nf6 2. c4 e6 3. Nf3 c5 4. Nc3 cxd4 5. Nxd4 Bb4 6. Ndb5 d5 7. Bf4 O-O 8.
e3 a6 9. Nc7 Ra7 10. N7xd5 exd5 11. Bxb8 Ne4 12. Be5 b6 13. cxd5 Re8 14. Bd4
Qxd5 15. Qa4 Bxc3+ 16. bxc3 Rd7 17. Rd1 Qg5 18. Qc2 b5 19. g3 Bb7 20. Bg2 Nxc3
21. f4 Qe7 0-1

[Event "Politiken Cup 2011"]
[Site "Helsingor"]
[Date "2011.08.02"]
[Round "5.22"]
[White "Rostgaard, Tobias Valentin"]
[Black "Teplyi, Igor"]
[Result "1-0"]
[WhiteElo "2184"]
[BlackElo "2393"]
[PlyCount "89"]
[EventDate "2011.??.??"]
[WhiteTeam "BMS"]
[BlackTeam "Skanderborg"]

1. d4 Nf6 2. c4 g6 3. Nf3 Bg7 4. g3 c5 5. Bg2 Qa5+ 6. Bd2 Qb6 7. Qb3 Ne4 8.
Qxb6 axb6 9. Nc3 Nxc3 10. Bxc3 d6 11. O-O Bf5 12. Rfc1 Be4 13. d5 Bxc3 14. Rxc3
b5 15. cxb5 Bxd5 16. a4 Nd7 17. a5 e6 18. Bf1 Ke7 19. Nd2 f5 20. f3 e5 21. e4
Be6 22. Bc4 Nf6 23. Rd3 Bd7 24. Rb3 Rhc8 25. Kf2 g5 26. Ra4 g4 27. Bd5 Rab8 28.
Nc4 gxf3 29. Nb6 Rf8 30. exf5 Bxf5 31. Rxf3 Bg4 32. Rxf6 Rxf6+ 33. Ke3 Be6 34.
Rh4 h6 35. Ra4 Rff8 36. Be4 Rf1 37. Ke2 Rbf8 38. a6 bxa6 39. bxa6 d5 40. Nxd5+
Kd6 41. a7 Bxd5 42. Ra6+ Kd7 43. Bxd5 R1f2+ 44. Ke3 Rxb2 45. Rxh6 1-0

[Event "Politiken Cup 2011"]
[Site "Helsingor"]
[Date "2011.08.02"]
[Round "5.23"]
[White "Fisher, William"]
[Black "Carstensen, Jacob"]
[Result "1/2-1/2"]
[WhiteElo "2178"]
[BlackElo "2391"]
[PlyCount "116"]
[EventDate "2011.??.??"]
[WhiteTeam "Marshall"]
[BlackTeam "Brønshøj"]

1. e4 c5 2. Nf3 d6 3. d4 Nf6 4. Nc3 cxd4 5. Nxd4 a6 6. Bc4 e6 7. Bb3 Nbd7 8. f4
Nc5 9. f5 Be7 10. Qf3 e5 11. Nde2 Nxb3 12. axb3 b5 13. O-O Bb7 14. Be3 Qc7 15.
Rac1 Qc6 16. Rfd1 Nxe4 17. Nd5 Nf6 18. Nxf6+ gxf6 19. Qxc6+ Bxc6 20. Nc3 Rc8
21. Nd5 Rg8 22. h3 Bxd5 23. Rxd5 Rc6 24. Kf2 Kd7 25. c3 Bd8 26. c4 bxc4 27.
bxc4 Bc7 28. b4 Rb8 29. Bd2 Bb6+ 30. Ke2 h5 31. g3 Rbc8 32. c5 Bd8 33. Be3 Be7
34. Rc4 R6c7 35. Kf3 Rb7 36. g4 hxg4+ 37. hxg4 Rb5 38. Rd1 Rc6 39. Ke4 Kc7 40.
Rh1 dxc5 41. bxc5 Bxc5 42. Rxc5 Rcxc5 43. Bxc5 Rxc5 44. Rh7 Rc4+ 45. Kf3 Rc3+
46. Ke4 Rc4+ 47. Kf3 Rc6 48. Rxf7+ Kb6 49. g5 fxg5 50. Ke4 a5 51. Rg7 a4 52.
Rxg5 a3 53. Rg2 Kc5 54. Kxe5 Ra6 55. Ra2 Kb4 56. f6 Kb3 57. Rh2 a2 58. Rxa2
Rxa2 1/2-1/2

[Event "Politiken Cup 2011"]
[Site "Helsingor"]
[Date "2011.08.02"]
[Round "5.41"]
[White "Lindberg, Bengt"]
[Black "Christensen, Janus"]
[Result "1-0"]
[WhiteElo "2391"]
[BlackElo "2127"]
[PlyCount "57"]
[EventDate "2011.??.??"]
[WhiteTeam "Solna SS"]
[BlackTeam "SK68"]

1. e4 e5 2. Nf3 Nc6 3. Bb5 f5 4. Nc3 fxe4 5. Nxe4 d5 6. Nxe5 dxe4 7. Nxc6 Qg5
8. Qe2 Nf6 9. Nxa7+ Kd8 10. Nxc8 Qxg2 11. Qf1 Qf3 12. Nb6 cxb6 13. Rg1 Rc8 14.
c3 Rc5 15. Be2 Qf5 16. f3 Qh5 17. fxe4 Qxh2 18. d3 Bd6 19. Rxg7 Rf8 20. Qg2
Qh4+ 21. Kd1 h6 22. Be3 Rb5 23. Kc2 Nd5 24. exd5 Qa4+ 25. b3 Rxb3 26. axb3 Qxa1
27. Bxb6+ Kc8 28. Qg4+ Kb8 29. Qa4 1-0

[Event "Politiken Cup 2011"]
[Site "Helsingor"]
[Date "2011.08.02"]
[Round "5.42"]
[White "Lund, Silas"]
[Black "Brondum, Eric"]
[Result "1/2-1/2"]
[WhiteElo "2388"]
[BlackElo "2112"]
[PlyCount "95"]
[EventDate "2011.??.??"]
[WhiteTeam "Enkeltmedlem"]
[BlackTeam "K41"]

1. d4 g6 2. e4 Bg7 3. c4 d6 4. Nc3 Nf6 5. Be2 O-O 6. Nf3 e5 7. O-O Nc6 8. d5
Ne7 9. Ne1 Nd7 10. Nd3 f5 11. Bd2 Nf6 12. f3 c6 13. b4 cxd5 14. cxd5 f4 15. Rc1
Bd7 16. Nf2 g5 17. Nb5 Ne8 18. a4 Rf7 19. Rc3 Bf8 20. Qb3 Rg7 21. Rfc1 h5 22.
h3 Ng6 23. a5 Kh8 24. Nc7 Nxc7 25. Rxc7 Rb8 26. b5 Nh4 27. b6 a6 28. Qd1 Rg8
29. Bb4 Be7 30. Qf1 Qe8 31. R1c3 Bf8 32. Qc1 Be7 33. Qa3 Rg6 34. Qc1 Rg8 35.
Rc2 Rg7 36. Qa3 Rg6 37. Qc3 Rg7 38. Qa1 Rg8 39. Qf1 Rg7 40. Ba3 Rg8 41. Qd1 Ba4
42. Nd3 Bxc2 43. Qxc2 Ng6 44. Qb2 Rg7 45. Qc3 Kh7 46. Nb2 Nh8 47. Nd3 Nf7 48.
Nb2 1/2-1/2

[Event "Politiken Cup 2011"]
[Site "Helsingor"]
[Date "2011.08.02"]
[Round "5.58"]
[White "Svane, Rasmus"]
[Black "Henningsen, Lasse"]
[Result "1-0"]
[WhiteElo "2346"]
[BlackElo "1670"]
[PlyCount "111"]
[EventDate "2011.??.??"]
[WhiteTeam "Lübecker Schachverein von 1873"]
[BlackTeam "Helsingør"]

1. d4 d5 2. c4 e6 3. Nc3 Nf6 4. cxd5 exd5 5. Bg5 Be7 6. e3 O-O 7. Bd3 Nbd7 8.
Qc2 c6 9. Nf3 Re8 10. h3 Nf8 11. Bf4 Bd6 12. Bxd6 Qxd6 13. O-O-O Be6 14. Kb1
Rec8 15. Rc1 Rab8 16. g4 b6 17. Ba6 Rd8 18. Bd3 Rdc8 19. Ne5 N6d7 20. f4 f6 21.
Nxd7 Bxd7 22. Qd2 Kh8 23. Rhg1 Re8 24. f5 c5 25. g5 Bc6 26. Nb5 Bxb5 27. Bxb5
Re7 28. dxc5 bxc5 29. Bc4 Qe5 30. Bxd5 Qxf5+ 31. e4 Qe5 32. gxf6 Qxf6 33. Rxc5
Ng6 34. Rgc1 Ree8 35. Rc7 Re7 36. Rc8+ Re8 37. Rxb8 Rxb8 38. Qc3 Qd8 39. Rf1
Qd6 40. Rf7 Ne5 41. Rc7 Rf8 42. Rc8 Ng6 43. Qc7 Qb4 44. Rxf8+ Qxf8 45. a3 h6
46. Qxa7 Nf4 47. Qa8 Qxa8 48. Bxa8 Nxh3 49. a4 Nf2 50. a5 Nd3 51. a6 Nb4 52. a7
Na6 53. Bc6 Nc7 54. b4 g5 55. b5 g4 56. b6 1-0

[Event "Politiken Cup 2011"]
[Site "Helsingor"]
[Date "2011.08.02"]
[Round "5.59"]
[White "Carlstedt, Jonathan"]
[Black "Ambrosanio, Raffaele"]
[Result "1-0"]
[WhiteElo "2336"]
[BlackElo "1967"]
[PlyCount "83"]
[EventDate "2011.??.??"]
[BlackTeam "A.S Mebs Sana Siena"]

1. e3 Nf6 2. g4 d6 3. Be2 e5 4. d4 exd4 5. exd4 Be7 6. Nc3 d5 7. Bf3 c6 8. Be3
Be6 9. h4 Na6 10. g5 Nd7 11. a3 Nb6 12. b3 Qd7 13. Nge2 Nc7 14. Nf4 g6 15. Nxe6
Nxe6 16. Qd2 Bd6 17. h5 O-O-O 18. Ne2 Qe7 19. a4 Kb8 20. a5 Na8 21. a6 b6 22.
Kd1 Nac7 23. Re1 Rhe8 24. Qc3 Qd7 25. Qd3 Ng7 26. hxg6 hxg6 27. Kd2 Nce6 28.
Bg4 Qc7 29. Kc3 Qe7 30. Rg1 c5 31. Kb2 cxd4 32. Nxd4 Nxd4 33. Bxd4 Be5 34. Rae1
Qc7 35. Rxe5 Rxe5 36. f4 Re4 37. Bxg7 Qxf4 38. Bf6 Rd6 39. Qc3 Re8 40. Re1 Red8
41. Bxd8 Rxd8 42. Qc6 1-0

[Event "Politiken Cup 2011"]
[Site "Helsingor"]
[Date "2011.08.02"]
[Round "5.25"]
[White "Haubro, Sigfred"]
[Black "Aranovitch, Emiliano"]
[Result "0-1"]
[WhiteElo "2164"]
[BlackElo "2328"]
[PlyCount "96"]
[EventDate "2011.??.??"]
[WhiteTeam "BMS"]
[BlackTeam "Mendrisio"]

1. Nf3 Nf6 2. b3 g6 3. Bb2 Bg7 4. e3 c5 5. Be2 b6 6. O-O Bb7 7. d4 O-O 8. c4
cxd4 9. Bxd4 Nc6 10. Bb2 d5 11. Nbd2 Rc8 12. Rc1 Qd6 13. a3 Rfd8 14. b4 Ne4 15.
Bxg7 Kxg7 16. c5 bxc5 17. bxc5 Qf6 18. Qc2 Nxd2 19. Qxd2 e5 20. Rb1 Ba8 21.
Rfc1 Rc7 22. Bb5 d4 23. e4 Nb8 24. Qd3 Rdc8 25. c6 Bxc6 26. Re1 Bxb5 27. Qxb5
Nd7 28. Qd5 Qe7 29. h3 Rc5 30. Qb7 R8c7 31. Qb4 Qe6 32. Qd2 h6 33. a4 Nb6 34.
Rb4 a5 35. Rb5 Rxb5 36. axb5 a4 37. Qa5 Rc5 38. Ra1 Qd6 39. Qa6 Qc7 40. Kh2 Rc2
41. Kg1 d3 42. Qa5 Qc5 43. Rf1 a3 44. Nxe5 Qxe5 45. Qxb6 a2 46. Qa6 d2 47. b6
Rc1 48. b7 d1=Q 0-1

[Event "Politiken Cup 2011"]
[Site "Helsingor"]
[Date "2011.08.02"]
[Round "5.26"]
[White "Korley, Kassa"]
[Black "Willumsen, Henrik"]
[Result "1/2-1/2"]
[WhiteElo "2326"]
[BlackElo "2194"]
[PlyCount "72"]
[EventDate "2011.??.??"]
[WhiteTeam "Marshall"]
[BlackTeam "Nørresundby"]

1. e4 e6 2. d4 d5 3. Nd2 Nf6 4. e5 Nfd7 5. Bd3 c5 6. c3 Nc6 7. Ne2 cxd4 8. cxd4
f6 9. exf6 Nxf6 10. Nf3 Bd6 11. O-O Qc7 12. Nc3 a6 13. Be3 O-O 14. Rc1 Bd7 15.
Na4 Be8 16. Ng5 Qe7 17. Nc5 Bxc5 18. Rxc5 h6 19. Nh3 Rd8 20. Re1 Ne4 21. Rc1 e5
22. dxe5 Nxe5 23. f3 Qh4 24. Bf1 Bh5 25. Be2 Bxf3 26. Bxf3 Nxf3+ 27. gxf3 Qxh3
28. fxe4 d4 29. Qb3+ Kh8 30. Bf2 d3 31. Re3 Qg4+ 32. Bg3 Qg5 33. Qb6 Rd6 34.
Qxd6 Qxe3+ 35. Kg2 Qxe4+ 36. Kg1 Qe3+ 1/2-1/2

[Event "Politiken Cup 2011"]
[Site "Helsingor"]
[Date "2011.08.02"]
[Round "5.27"]
[White "Schroeder, Jan-Christian"]
[Black "Aabling-Thomsen, Jakob"]
[Result "1-0"]
[WhiteElo "2164"]
[BlackElo "2325"]
[PlyCount "77"]
[EventDate "2011.??.??"]
[WhiteTeam "SV 1920 Hofheim"]
[BlackTeam "Brønshøj"]

1. e4 c5 2. Nf3 d6 3. d4 cxd4 4. Nxd4 Nf6 5. Nc3 a6 6. Be2 e6 7. a4 Be7 8. O-O
O-O 9. f4 Qc7 10. Kh1 Nc6 11. Be3 Na5 12. Qd3 b6 13. b4 Nb7 14. Bf3 Rd8 15.
Rab1 e5 16. Nf5 Bf8 17. g4 Be6 18. Nd5 Bxd5 19. exd5 Nd7 20. c3 Rdc8 21. Rbc1
Qc4 22. Qxc4 Rxc4 23. Be2 Rc7 24. Ng3 exf4 25. Rxf4 Rac8 26. Bd4 a5 27. Rcf1
Nd8 28. Bb5 Rb8 29. Ne4 Ne5 30. bxa5 bxa5 31. Bxe5 dxe5 32. Rf5 f6 33. d6 Rcc8
34. d7 Rc7 35. g5 Nf7 36. gxf6 g6 37. R5f3 Nd6 38. Nxd6 Bxd6 39. Rd1 1-0

[Event "Politiken Cup 2011"]
[Site "Helsingor"]
[Date "2011.08.02"]
[Round "5.28"]
[White "Petersen, Tom Petri"]
[Black "Guttulsrud, Odd Martin"]
[Result "1-0"]
[WhiteElo "2324"]
[BlackElo "2177"]
[PlyCount "93"]
[EventDate "2011.??.??"]
[WhiteTeam "Nordre"]
[BlackTeam "SK 1911"]

1. Nf3 Nf6 2. g3 g6 3. Bg2 Bg7 4. O-O O-O 5. d4 d6 6. c4 Nc6 7. Nc3 a6 8. Qd3
Bf5 9. e4 Bg4 10. d5 Bxf3 11. Qxf3 Nd4 12. Qd1 c5 13. Ne2 Nd7 14. Be3 Qb6 15.
Rb1 a5 16. b3 e5 17. f3 h5 18. Bh3 Nf6 19. a4 Nh7 20. Qd3 Qd8 21. Nxd4 exd4 22.
Bd2 b6 23. Rbe1 Ra7 24. Re2 Re8 25. Bg2 Bf6 26. h4 Qe7 27. f4 Qf8 28. Bf3 Rae7
29. Rfe1 Qg7 30. Kg2 Qh8 31. e5 dxe5 32. d6 e4 33. Bxe4 Rd7 34. Bd5 Rxe2+ 35.
Rxe2 Kg7 36. f5 Rxd6 37. fxg6 fxg6 38. Bf4 Rd7 39. Re6 Qd8 40. Qe4 Re7 41. Bd6
Rxe6 42. Qxe6 d3 43. Qf7+ Kh8 44. Bf4 g5 45. hxg5 Bxg5 46. Be4 Qe7 47. Be5+ 1-0